[Event "Women's Baku Chess Olympiad"]
[Site "chess24.com"]
[Date "2016.09.04"]
[Round "3"]
[White "Thornton, Filipina"]
[Black "Adhin, Anviti"]
[Result "1-0"]
[Board "2"]
[WhiteID "5600464"]
[WhiteElo "1737"]
[WhiteTitle "WCM"]
[WhiteCountry "MLT"]
[WhiteFideId "5600464"]
[WhiteEloChange "7"]
[BlackID "8201200"]
[BlackElo "1616"]
[BlackTitle "WCM"]
[BlackCountry "SUR"]
[BlackFideId "8201200"]
[BlackEloChange "-7"]

1. d4 {[%clk 1:30:57]} Nf6 {[%clk 1:30:54]} 2. c4 {[%clk 1:31:22]} e6 {[%clk
1:31:06]} 3. Nc3 {[%clk 1:31:41]} Bb4 {[%clk 1:31:29]} 4. e3 {[%clk 1:31:52]} b6
{[%clk 1:30:32]} 5. Nf3 {[%clk 1:29:07]} Bb7 {[%clk 1:30:24]} 6. Bd3 {[%clk
1:28:22]} O-O {[%clk 1:29:11]} 7. O-O {[%clk 1:28:48]} Bxc3 {[%clk 1:26:31]} 8.
bxc3 {[%clk 1:29:07]} d6 {[%clk 1:26:16]} 9. Re1 {[%clk 1:28:29]} Nbd7 {[%clk
1:20:54]} 10. e4 {[%clk 1:26:38]} e5 {[%clk 1:19:23]} 11. Bg5 {[%clk 1:18:39]}
Re8 {[%clk 1:17:20]} 12. Qc2 {[%clk 1:13:21]} h6 {[%clk 1:15:58]} 13. Bd2 {[%clk
1:11:11]} Re7 {[%clk 1:07:07]} 14. Nh4 {[%clk 1:10:08]} Re8 {[%clk 0:59:01]} 15.
Nf5 {[%clk 1:09:49]} Kh7 {[%clk 0:57:05]} 16. d5 {[%clk 1:00:00]} Ng8 {[%clk
0:47:39]} 17. Re3 {[%clk 0:54:03]} Ne7 {[%clk 0:32:47]} 18. Qd1 {[%clk 0:42:38]}
Nxf5 {[%clk 0:27:53]} 19. exf5 {[%clk 0:42:58]} Nf6 {[%clk 0:27:53]} 20. g4
{[%clk 0:41:56]} Kg8 {[%clk 0:21:19]} 21. Rh3 {[%clk 0:41:08]} Kf8 {[%clk
0:18:31]} 22. g5 {[%clk 0:41:25]} hxg5 {[%clk 0:17:39]} 23. Bxg5 {[%clk 0:41:40]}
Ke7 {[%clk 0:15:55]} 24. Rh7 {[%clk 0:37:35]} Rg8 {[%clk 0:14:30]} 25. Kh1 {[%clk
0:21:53]} Kd7 {[%clk 0:10:09]} 26. Bxf6 {[%clk 0:16:17]} Qxf6 {[%clk 0:09:24]}
27. Qh5 {[%clk 0:13:35]} Rae8 {[%clk 0:03:51]} 28. f3 {[%clk 0:13:06]} Kc8 {[%clk
0:03:14]} 29. Rg1 {[%clk 0:13:13]} Ref8 {[%clk 0:02:21]} 30. Rg5 {[%clk 0:12:54]}
g6 {[%clk 0:01:51]} 31. fxg6 {[%clk 0:12:43]} fxg6 {[%clk 0:02:16]} 32. Qg4+
{[%clk 0:12:53]} Kb8 {[%clk 0:02:18]} 33. Be4 {[%clk 0:11:50]} Bc8 {[%clk
0:02:18]} 34. Qg2 {[%clk 0:07:50]} Ba6 {[%clk 0:01:05]} 35. Rh6 {[%clk 0:05:22]}
Bxc4 {[%clk 0:00:52]} 36. Rhxg6 {[%clk 0:05:28]} Rxg6 {[%clk 0:01:18]} 37. Rxg6
{[%clk 0:05:49]} Qf4 {[%clk 0:01:01]} 38. a3 {[%clk 0:02:07]} Qc1+ {[%clk
0:00:58]} 39. Qg1 {[%clk 0:02:32]} Qxa3 {[%clk 0:00:45]} 40. h4 {[%clk 0:32:39]}
Qxc3 {[%clk 0:30:39]} 41. h5 {[%clk 0:22:44]} a5 {[%clk 0:21:50]} 42. h6 {[%clk
0:22:38]} Ka7 {[%clk 0:07:50]} 43. h7 {[%clk 0:11:14]} Rh8 {[%clk 0:08:09]} 44.
Rg7 {[%clk 0:07:07]} Kb7 {[%clk 0:06:22]} 45. Rxc7+ {[%clk 0:04:33]} Ka6 {[%clk
0:04:52]} 46. Qg7 {[%clk 0:04:05]} Qe1+ {[%clk 0:03:16]} 47. Kh2 {[%clk 0:03:26]}
Qf2+ {[%clk 0:03:10]} 48. Kh3 {[%clk 0:02:09]} Bf1+ {[%clk 0:03:33]} 49. Kg4
{[%clk 0:02:36]} Qg2+ {[%clk 0:01:42]} 50. Kf5 {[%clk 0:02:24]} Qxg7 {[%clk
0:01:09]} 51. Rxg7 {[%clk 0:02:51]} a4 {[%clk 0:00:53]} 52. Ke6 {[%clk 0:03:04]}
a3 {[%clk 0:01:21]} 53. Rg8 {[%clk 0:03:12]} a2 {[%clk 0:01:26]} 54. Rxh8 {[%clk
0:03:35]} Kb7 {[%clk 0:01:20]} 55. Rb8+ {[%clk 0:03:38]} Kxb8 {[%clk 0:01:01]}
56. h8Q+ {[%clk 0:04:03]} Kb7 {[%clk 0:00:49]} 57. Qg7+ {[%clk 0:03:40]} Ka6
{[%clk 0:01:15]} 58. Qf8 {[%clk 0:03:49]} Ka5 {[%clk 0:01:26]} 59. Qa8+ {[%clk
0:04:08]} Ba6 {[%clk 0:01:47]} 60. Bd3 {[%clk 0:04:23]} b5 {[%clk 0:01:51]} 61.
Bxb5 {[%clk 0:04:23]} Kxb5 {[%clk 0:00:33]} 62. Qc6+ {[%clk 0:04:46]} Ka5 {[%clk
0:00:45]} 63. Qc1 {[%clk 0:04:54]} Bd3 {[%clk 0:01:10]} 64. Qa3+ {[%clk 0:04:54]}
1-0

[Event "Women's Baku Chess Olympiad"]
[Site "chess24.com"]
[Date "2016.09.04"]
[Round "3"]
[White "Laubscher, Anzel"]
[Black "Zengeni, Tatenda Melisa"]
[Result "1-0"]
[Board "2"]
[WhiteID "14300800"]
[WhiteElo "1814"]
[WhiteTitle "WIM"]
[WhiteCountry "RSA"]
[WhiteFideId "14300800"]
[WhiteEloChange "6"]
[BlackID "11001313"]
[BlackElo "1649"]
[BlackCountry "ZIM"]
[BlackFideId "11001313"]
[BlackEloChange "-6"]

1. d4 {[%clk 1:30:57]} Nf6 {[%clk 1:30:49]} 2. c4 {[%clk 1:31:21]} e6 {[%clk
1:31:15]} 3. Nf3 {[%clk 1:31:47]} d5 {[%clk 1:31:27]} 4. Nc3 {[%clk 1:31:53]} Be7
{[%clk 1:31:01]} 5. Bg5 {[%clk 1:31:31]} Nbd7 {[%clk 1:30:39]} 6. e3 {[%clk
1:31:45]} O-O {[%clk 1:30:34]} 7. Bd3 {[%clk 1:30:47]} Re8 {[%clk 1:26:58]} 8.
O-O {[%clk 1:29:54]} c6 {[%clk 1:25:28]} 9. h3 {[%clk 1:28:59]} Bf8 {[%clk
1:24:50]} 10. Qc2 {[%clk 1:23:19]} g6 {[%clk 1:24:46]} 11. e4 {[%clk 1:21:36]}
dxe4 {[%clk 1:24:31]} 12. Nxe4 {[%clk 1:21:44]} Bg7 {[%clk 1:24:15]} 13. Nd6
{[%clk 1:19:20]} Rf8 {[%clk 1:21:41]} 14. Ne5 {[%clk 1:13:24]} Qc7 {[%clk
1:20:50]} 15. c5 {[%clk 1:08:20]} Nd5 {[%clk 1:16:52]} 16. Qe2 {[%clk 1:00:08]}
N7f6 {[%clk 0:59:52]} 17. a3 {[%clk 0:56:55]} Ne8 {[%clk 0:56:37]} 18. Nexf7
{[%clk 0:46:20]} Nxd6 {[%clk 0:55:46]} 19. Nxd6 {[%clk 0:46:41]} Bxd4 {[%clk
0:54:33]} 20. Bh6 {[%clk 0:42:18]} Bxc5 {[%clk 0:43:39]} 21. Bxf8 {[%clk
0:39:05]} Bxd6 {[%clk 0:41:08]} 22. Bxd6 {[%clk 0:39:14]} Qxd6 {[%clk 0:41:15]}
23. Rad1 {[%clk 0:38:29]} Bd7 {[%clk 0:37:50]} 24. Rfe1 {[%clk 0:36:32]} Rf8
{[%clk 0:36:19]} 25. Be4 {[%clk 0:33:41]} Qf4 {[%clk 0:34:00]} 26. Bxd5 {[%clk
0:32:20]} exd5 {[%clk 0:34:00]} 27. Qe3 {[%clk 0:30:36]} b6 {[%clk 0:29:06]} 28.
Qxf4 {[%clk 0:30:37]} Rxf4 {[%clk 0:29:28]} 29. Re7 {[%clk 0:30:03]} Rf7 {[%clk
0:29:29]} 30. Rde1 {[%clk 0:29:19]} Kf8 {[%clk 0:29:44]} 31. Rxf7+ {[%clk
0:28:35]} Kxf7 {[%clk 0:30:07]} 32. b4 {[%clk 0:26:50]} c5 {[%clk 0:27:14]} 33.
bxc5 {[%clk 0:26:00]} bxc5 {[%clk 0:27:40]} 34. Re5 {[%clk 0:24:54]} Bc6 {[%clk
0:26:26]} 35. f4 {[%clk 0:23:51]} c4 {[%clk 0:24:27]} 36. Kf2 {[%clk 0:22:23]} c3
{[%clk 0:13:50]} 37. Ke3 {[%clk 0:20:16]} d4+ {[%clk 0:07:32]} 38. Kxd4 {[%clk
0:16:43]} Bxg2 {[%clk 0:07:52]} 39. h4 {[%clk 0:16:46]} c2 {[%clk 0:06:15]} 40.
Rc5 {[%clk 0:46:53]} a6 {[%clk 0:33:26]} 41. Rxc2 {[%clk 0:46:20]} Bf1 {[%clk
0:31:26]} 42. Ke5 {[%clk 0:46:25]} Kg7 {[%clk 0:30:32]} 43. Rc5 {[%clk 0:44:32]}
Bd3 {[%clk 0:21:36]} 44. a4 {[%clk 0:44:11]} Kh6 {[%clk 0:17:26]} 45. Kd6 {[%clk
0:41:39]} Bf5 {[%clk 0:16:23]} 46. Ra5 {[%clk 0:40:10]} Kh5 {[%clk 0:14:50]} 47.
Rxa6 {[%clk 0:40:04]} Kxh4 {[%clk 0:15:12]} 48. Ke5 {[%clk 0:39:02]} Kg4 {[%clk
0:14:27]} 49. Rd6 {[%clk 0:37:35]} h5 {[%clk 0:13:43]} 50. a5 {[%clk 0:37:17]}
Kf3 {[%clk 0:13:12]} 51. a6 {[%clk 0:35:02]} Be4 {[%clk 0:13:21]} 52. a7 {[%clk
0:35:01]} h4 {[%clk 0:13:06]} 53. Rxg6 {[%clk 0:33:53]} Bxg6 {[%clk 0:11:14]} 54.
a8Q+ {[%clk 0:33:54]} Kf2 {[%clk 0:08:42]} 55. Qh1 {[%clk 0:33:54]} 1-0

[Event "Women's Baku Chess Olympiad"]
[Site "chess24.com"]
[Date "2016.09.04"]
[Round "3"]
[White "Szekely, Olga"]
[Black "Cho, Hung-Ling"]
[Result "1-0"]
[Board "1"]
[WhiteID "31000410"]
[WhiteElo "1754"]
[WhiteCountry "GUM"]
[WhiteFideId "31000410"]
[WhiteEloChange "4"]
[BlackID "16300840"]
[BlackElo "1515"]
[BlackCountry "TPE"]
[BlackFideId "16300840"]
[BlackEloChange "-4"]

1. e4 {[%clk 1:30:50]} e5 {[%clk 1:30:42]} 2. Nf3 {[%clk 1:31:01]} Nc6 {[%clk
1:31:04]} 3. Bb5 {[%clk 1:31:18]} Nd4 {[%clk 1:31:14]} 4. Nxd4 {[%clk 1:31:07]}
exd4 {[%clk 1:31:37]} 5. O-O {[%clk 1:31:00]} c6 {[%clk 1:31:06]} 6. Bc4 {[%clk
1:29:29]} Nf6 {[%clk 1:30:50]} 7. e5 {[%clk 1:26:50]} Ne4 {[%clk 1:17:31]} 8. d3
{[%clk 1:19:56]} Nc5 {[%clk 1:16:52]} 9. Qf3 {[%clk 1:14:09]} Ne6 {[%clk
1:15:21]} 10. c3 {[%clk 1:13:24]} Bc5 {[%clk 1:14:23]} 11. Bxe6 {[%clk 1:07:35]}
dxe6 {[%clk 1:13:51]} 12. Nd2 {[%clk 1:05:23]} O-O {[%clk 1:09:21]} 13. Ne4
{[%clk 1:05:29]} Be7 {[%clk 1:05:31]} 14. Qg3 {[%clk 1:00:36]} Kh8 {[%clk
1:02:59]} 15. Bf4 {[%clk 0:55:57]} Bh4 {[%clk 0:51:08]} 16. Qh3 {[%clk 0:52:08]}
f5 {[%clk 0:48:35]} 17. Nd6 {[%clk 0:41:08]} g5 {[%clk 0:35:33]} 18. Bg3 {[%clk
0:32:50]} Bxg3 {[%clk 0:23:37]} 19. Qxg3 {[%clk 0:33:03]} c5 {[%clk 0:20:54]} 20.
cxd4 {[%clk 0:32:57]} cxd4 {[%clk 0:20:57]} 21. Rac1 {[%clk 0:32:36]} g4 {[%clk
0:14:36]} 22. Rc4 {[%clk 0:27:39]} b6 {[%clk 0:11:26]} 23. Rxd4 {[%clk 0:27:05]}
Qg5 {[%clk 0:11:43]} 24. h4 {[%clk 0:25:45]} Qh5 {[%clk 0:11:18]} 25. f3 {[%clk
0:17:25]} gxf3 {[%clk 0:06:31]} 26. Qxf3 {[%clk 0:17:01]} Qxf3 {[%clk 0:04:37]}
27. Rxf3 {[%clk 0:16:53]} Bd7 {[%clk 0:02:36]} 28. Kh2 {[%clk 0:15:54]} Bc6
{[%clk 0:02:42]} 29. Rf2 {[%clk 0:10:12]} Bd5 {[%clk 0:02:34]} 30. b3 {[%clk
0:10:01]} h6 {[%clk 0:02:09]} 31. Rdf4 {[%clk 0:09:39]} Kh7 {[%clk 0:01:20]} 32.
g4 {[%clk 0:09:19]} Rg8 {[%clk 0:00:49]} 33. gxf5 {[%clk 0:08:56]} exf5 {[%clk
0:01:16]} 34. Rxf5 {[%clk 0:08:56]} Rg4 {[%clk 0:01:16]} 35. R5f4 {[%clk
0:06:33]} Rag8 {[%clk 0:01:33]} 36. Rxg4 {[%clk 0:06:45]} Rxg4 {[%clk 0:02:00]}
37. Nf5 {[%clk 0:04:56]} Be6 {[%clk 0:02:19]} 38. d4 {[%clk 0:03:21]} Kg6 {[%clk
0:02:04]} 39. Ne7+ {[%clk 0:02:43]} Kh5 {[%clk 0:00:53]} 40. d5 {[%clk 0:02:11]}
Rxh4+ {[%clk 0:00:50]} 41. Kg3 {[%clk 0:32:12]} Bg4 {[%clk 0:23:45]} 42. e6
{[%clk 0:26:57]} Kg5 {[%clk 0:23:00]} 43. Ng8 {[%clk 0:22:54]} Rh3+ {[%clk
0:18:45]} 44. Kg2 {[%clk 0:22:57]} Rd3 {[%clk 0:16:09]} 45. e7 {[%clk 0:21:49]}
Bh5 {[%clk 0:10:18]} 46. Nf6 {[%clk 0:20:25]} Bg6 {[%clk 0:09:50]} 47. d6 {[%clk
0:15:16]} Kh4 {[%clk 0:00:36]} 48. e8Q {[%clk 0:10:15]} Bxe8 {[%clk 0:00:33]} 49.
Nxe8 {[%clk 0:10:37]} Rg3+ {[%clk 0:00:37]} 50. Kf1 {[%clk 0:10:37]} Rd3 {[%clk
0:00:43]} 51. Ke2 {[%clk 0:10:34]} Rd5 {[%clk 0:00:59]} 52. Rf3 {[%clk 0:07:10]}
Kg4 {[%clk 0:00:56]} 1-0

[Event "Women's Baku Chess Olympiad"]
[Site "chess24.com"]
[Date "2016.09.04"]
[Round "3"]
[White "Shahudha, Mohammed"]
[Black "Begum, Ghazala"]
[Result "0-1"]
[Board "1"]
[WhiteID "16700198"]
[WhiteElo "1022"]
[WhiteCountry "MDV"]
[WhiteFideId "16700198"]
[WhiteEloChange "-2"]
[BlackID "7800711"]
[BlackElo "1668"]
[BlackTitle "WCM"]
[BlackCountry "PAK"]
[BlackFideId "7800711"]
[BlackEloChange "2"]

1. e4 {[%clk 1:30:56]} c5 {[%clk 1:30:56]} 2. d4 {[%clk 1:31:12]} cxd4 {[%clk
1:31:12]} 3. Qxd4 {[%clk 1:31:35]} Nc6 {[%clk 1:31:36]} 4. Qd1 {[%clk 1:31:54]}
Nf6 {[%clk 1:31:41]} 5. Nc3 {[%clk 1:32:11]} g6 {[%clk 1:31:42]} 6. Bc4 {[%clk
1:31:09]} e6 {[%clk 1:31:27]} 7. Bg5 {[%clk 1:30:14]} Bg7 {[%clk 1:30:14]} 8. Nf3
{[%clk 1:27:54]} Qc7 {[%clk 1:30:34]} 9. O-O {[%clk 1:26:10]} a6 {[%clk 1:30:59]}
10. Qd2 {[%clk 1:24:47]} O-O {[%clk 1:31:03]} 11. Rae1 {[%clk 1:23:51]} b5 {[%clk
1:30:53]} 12. Bd3 {[%clk 1:22:03]} Ng4 {[%clk 1:28:10]} 13. g3 {[%clk 1:20:31]}
Nge5 {[%clk 1:28:16]} 14. Be2 {[%clk 1:17:32]} Bb7 {[%clk 1:27:34]} 15. Bf4
{[%clk 1:14:20]} Nxf3+ {[%clk 1:25:22]} 16. Bxf3 {[%clk 1:14:27]} Ne5 {[%clk
1:25:27]} 17. Bxe5 {[%clk 1:13:44]} Bxe5 {[%clk 1:25:45]} 18. Re3 {[%clk
1:09:23]} Rac8 {[%clk 1:24:21]} 19. Rb1 {[%clk 1:05:19]} Rfd8 {[%clk 1:22:20]}
20. Ne2 {[%clk 1:01:14]} Qxc2 {[%clk 1:21:56]} 21. Qe1 {[%clk 1:00:07]} Bxb2
{[%clk 1:20:40]} 22. a3 {[%clk 0:51:00]} d5 {[%clk 1:19:38]} 23. Rd1 {[%clk
0:46:41]} d4 {[%clk 1:19:28]} 24. Red3 {[%clk 0:45:54]} Qc5 {[%clk 1:17:01]} 25.
Qb4 {[%clk 0:40:43]} Bxa3 {[%clk 1:16:09]} 26. Qxa3 {[%clk 0:40:49]} e5 {[%clk
1:15:59]} 27. Qxc5 {[%clk 0:39:12]} Rxc5 {[%clk 1:16:26]} 28. Rc1 {[%clk
0:39:19]} Rc4 {[%clk 1:16:29]} 29. Rxc4 {[%clk 0:36:57]} bxc4 {[%clk 1:16:57]}
30. Ra3 {[%clk 0:35:14]} Rd6 {[%clk 1:16:55]} 31. Bg2 {[%clk 0:33:40]} Rb6 {[%clk
1:17:22]} 32. f4 {[%clk 0:32:50]} f6 {[%clk 1:17:35]} 33. fxe5 {[%clk 0:31:46]}
fxe5 {[%clk 1:18:03]} 34. Kf2 {[%clk 0:26:59]} Rb2 {[%clk 1:18:28]} 35. Kf3
{[%clk 0:23:22]} d3 {[%clk 1:15:04]} 36. Nc3 {[%clk 0:22:38]} Bc8 {[%clk
1:14:15]} 37. Ra4 {[%clk 0:18:51]} Be6 {[%clk 1:14:21]} 38. Rxa6 {[%clk 0:18:28]}
Bf7 {[%clk 1:14:31]} 39. Rc6 {[%clk 0:16:32]} Rb3 {[%clk 1:14:54]} 40. Nd5 {[%clk
0:45:57]} d2+ {[%clk 1:44:47]} 41. Ke2 {[%clk 0:45:24]} Bxd5 {[%clk 1:42:03]} 42.
exd5 {[%clk 0:45:23]} Rd3 {[%clk 1:42:29]} 43. Kd1 {[%clk 0:44:59]} c3 {[%clk
1:42:53]} 44. Be4 {[%clk 0:42:57]} Re3 {[%clk 1:43:16]} 45. Rxc3 {[%clk 0:33:04]}
Rxc3 {[%clk 1:43:42]} 46. Kxd2 {[%clk 0:33:24]} Rc4 {[%clk 1:43:55]} 47. Ke3
{[%clk 0:31:42]} Rd4 {[%clk 1:44:18]} 48. h4 {[%clk 0:31:41]} Kg7 {[%clk
1:44:45]} 49. Bf3 {[%clk 0:31:03]} h6 {[%clk 1:44:50]} 50. Be4 {[%clk 0:29:22]}
Kf6 {[%clk 1:45:09]} 51. g4 {[%clk 0:29:20]} g5 {[%clk 1:45:21]} 52. h5 {[%clk
0:29:37]} Ke7 {[%clk 1:45:14]} 53. Bf3 {[%clk 0:29:39]} Kd6 {[%clk 1:45:39]} 54.
Be4 {[%clk 0:29:57]} Rd1 {[%clk 1:44:55]} 55. Ke2 {[%clk 0:28:36]} Ra1 {[%clk
1:44:34]} 56. Ke3 {[%clk 0:28:54]} Ra3+ {[%clk 1:44:59]} 57. Ke2 {[%clk 0:28:58]}
Kc5 {[%clk 1:44:35]} 58. Bf3 {[%clk 0:28:55]} Ra4 {[%clk 1:43:35]} 59. Kd3 {[%clk
0:28:43]} Rd4+ {[%clk 1:43:13]} 60. Ke3 {[%clk 0:28:55]} Kc4 {[%clk 1:43:38]} 61.
Be4 {[%clk 0:29:06]} Kc3 {[%clk 1:43:13]} 62. Bf3 {[%clk 0:29:10]} Kb4 {[%clk
1:43:23]} 63. Be4 {[%clk 0:29:10]} Kc5 {[%clk 1:43:25]} 64. Bf3 {[%clk 0:29:26]}
Kd6 {[%clk 1:43:51]} 65. Be4 {[%clk 0:29:48]} Ra4 {[%clk 1:43:51]} 66. Bf3 {[%clk
0:29:53]} Rd4 {[%clk 1:44:16]} 67. Be4 {[%clk 0:30:15]} Rxd5 {[%clk 1:44:29]} 68.
Bxd5 {[%clk 0:29:53]} Kxd5 {[%clk 1:44:58]} 69. Kd3 {[%clk 0:27:53]} e4+ {[%clk
1:45:00]} 70. Ke3 {[%clk 0:28:13]} Ke5 {[%clk 1:45:26]} 71. Ke2 {[%clk 0:28:31]}
Kf4 {[%clk 1:45:06]} 72. Kf2 {[%clk 0:28:42]} e3+ {[%clk 1:45:07]} 73. Ke2 {[%clk
0:28:55]} Ke4 {[%clk 1:45:35]} 74. Kf1 {[%clk 0:29:06]} Kf3 {[%clk 1:46:00]} 75.
Ke1 {[%clk 0:29:23]} e2 {[%clk 1:46:15]} 76. Kd2 {[%clk 0:29:26]} Kf2 {[%clk
1:46:44]} 77. Kd3 {[%clk 0:29:40]} e1Q {[%clk 1:45:59]} 78. Kd4 {[%clk 0:30:03]}
Kf3 {[%clk 1:46:25]} 79. Kd5 {[%clk 0:30:23]} Kxg4 {[%clk 1:46:11]} 80. Kd4
{[%clk 0:30:38]} Kxh5 {[%clk 1:46:30]} 81. Kd3 {[%clk 0:31:01]} g4 {[%clk
1:46:58]} 82. Kc2 {[%clk 0:31:12]} Qe3 {[%clk 1:47:07]} 83. Kb2 {[%clk 0:30:51]}
g3 {[%clk 1:47:24]} 84. Kc2 {[%clk 0:31:17]} g2 {[%clk 1:47:34]} 85. Kb2 {[%clk
0:31:30]} g1Q {[%clk 1:47:22]} 86. Kc2 {[%clk 0:31:57]} Qg2+ {[%clk 1:47:22]} 87.
Kd1 {[%clk 0:31:57]} Qed2# {[%clk 1:47:24]} 0-1

[Event "Women's Baku Chess Olympiad"]
[Site "chess24.com"]
[Date "2016.09.04"]
[Round "3"]
[White "Soondarsingh, Aditi"]
[Black "Sukhu, Gloria"]
[Result "0-1"]
[Board "1"]
[WhiteID "7700598"]
[WhiteElo "1736"]
[WhiteTitle "WCM"]
[WhiteCountry "TTO"]
[WhiteFideId "7700598"]
[WhiteEloChange "-16"]
[BlackID "11400099"]
[BlackElo "1476"]
[BlackTitle "WCM"]
[BlackCountry "FIJ"]
[BlackFideId "11400099"]
[BlackEloChange "16"]

1. e4 {[%clk 1:30:57]} e5 {[%clk 1:30:50]} 2. d4 {[%clk 1:31:18]} exd4 {[%clk
1:31:11]} 3. c3 {[%clk 1:31:41]} Bc5 {[%clk 1:31:32]} 4. cxd4 {[%clk 1:32:03]}
Bb6 {[%clk 1:31:31]} 5. Nf3 {[%clk 1:32:09]} d6 {[%clk 1:31:16]} 6. Bc4 {[%clk
1:31:19]} Nf6 {[%clk 1:29:23]} 7. Bg5 {[%clk 1:26:21]} Nbd7 {[%clk 1:29:03]} 8.
e5 {[%clk 1:25:21]} dxe5 {[%clk 1:29:16]} 9. dxe5 {[%clk 1:25:18]} Bxf2+ {[%clk
1:29:34]} 10. Kxf2 {[%clk 1:25:07]} Ne4+ {[%clk 1:29:59]} 11. Kf1 {[%clk
1:24:11]} Nxg5 {[%clk 1:30:27]} 12. Bxf7+ {[%clk 1:02:23]} Nxf7 {[%clk 1:30:27]}
13. e6 {[%clk 1:02:23]} Qf6 {[%clk 1:29:58]} 14. exf7+ {[%clk 1:01:38]} Qxf7
{[%clk 1:29:58]} 15. Qe2+ {[%clk 1:01:38]} Qe7 {[%clk 1:27:53]} 16. Qc2 {[%clk
0:51:52]} O-O {[%clk 1:27:58]} 17. Nd2 {[%clk 0:41:36]} Ne5 {[%clk 1:24:11]} 18.
Re1 {[%clk 0:40:39]} Bg4 {[%clk 1:24:00]} 19. Qc3 {[%clk 0:36:14]} Rae8 {[%clk
1:11:27]} 20. h3 {[%clk 0:31:04]} Bd7 {[%clk 1:08:58]} 21. Kg1 {[%clk 0:31:01]}
Nxf3+ {[%clk 1:08:53]} 22. Nxf3 {[%clk 0:31:15]} Qf7 {[%clk 1:05:13]} 23. Rxe8
{[%clk 0:25:13]} Bxe8 {[%clk 1:04:19]} 24. Qe3 {[%clk 0:17:39]} Bc6 {[%clk
1:04:14]} 25. Kh2 {[%clk 0:10:07]} Bxf3 {[%clk 1:03:51]} 26. gxf3 {[%clk
0:10:30]} Qxf3 {[%clk 1:03:42]} 27. Qxf3 {[%clk 0:08:24]} Rxf3 {[%clk 1:04:09]}
28. Kg2 {[%clk 0:08:37]} Rf7 {[%clk 1:04:09]} 29. Rd1 {[%clk 0:08:37]} g6 {[%clk
1:03:44]} 30. Rd2 {[%clk 0:08:26]} Kg7 {[%clk 1:03:41]} 31. Kg3 {[%clk 0:08:18]}
c5 {[%clk 1:04:00]} 32. Rd5 {[%clk 0:08:03]} Rc7 {[%clk 1:04:14]} 33. Kf3 {[%clk
0:08:11]} b6 {[%clk 1:04:43]} 34. Ke4 {[%clk 0:07:51]} Re7+ {[%clk 1:04:46]} 35.
Kd3 {[%clk 0:08:02]} Kf6 {[%clk 1:04:58]} 36. a4 {[%clk 0:07:18]} Ke6 {[%clk
1:05:22]} 37. Ke4 {[%clk 0:04:53]} Kf6+ {[%clk 1:05:47]} 38. Kf4 {[%clk 0:05:00]}
h6 {[%clk 1:05:38]} 39. h4 {[%clk 0:05:10]} Rf7 {[%clk 1:04:42]} 40. Ke4 {[%clk
0:04:29]} Re7+ {[%clk 1:04:06]} 41. Kf4 {[%clk 0:04:27]} Re1 {[%clk 1:03:50]} 42.
Rd6+ {[%clk 0:04:17]} Re6 {[%clk 1:04:17]} 43. Rd5 {[%clk 0:33:55]} Ke7 {[%clk
1:34:28]} 44. a5 {[%clk 0:32:31]} Rd6 {[%clk 1:34:50]} 45. Re5+ {[%clk 0:32:03]}
Kf6 {[%clk 1:35:18]} 46. axb6 {[%clk 0:32:03]} axb6 {[%clk 1:35:18]} 47. Re4
{[%clk 0:24:21]} g5+ {[%clk 1:35:35]} 48. hxg5+ {[%clk 0:24:14]} hxg5+ {[%clk
1:35:59]} 49. Kg4 {[%clk 0:24:16]} Rd4 {[%clk 1:36:27]} 50. Kf3 {[%clk 0:24:16]}
Kf5 {[%clk 1:36:27]} 51. Re2 {[%clk 0:21:07]} g4+ {[%clk 1:36:28]} 52. Kg2 {[%clk
0:19:23]} Rd3 {[%clk 1:36:35]} 53. Rf2+ {[%clk 0:16:36]} Ke4 {[%clk 1:36:40]} 54.
Rf6 {[%clk 0:14:14]} Rb3 {[%clk 1:37:03]} 55. Rf2 {[%clk 0:14:20]} b5 {[%clk
1:37:23]} 56. Rc2 {[%clk 0:12:40]} c4 {[%clk 1:37:44]} 57. Rd2 {[%clk 0:11:02]}
b4 {[%clk 1:37:39]} 58. Rc2 {[%clk 0:10:48]} c3 {[%clk 1:37:19]} 59. bxc3 {[%clk
0:10:48]} Rxc3 {[%clk 1:37:46]} 60. Rf2 {[%clk 0:09:16]} b3 {[%clk 1:38:12]} 61.
Kf1 {[%clk 0:07:37]} Rc2 {[%clk 1:38:12]} 0-1

[Event "Women's Baku Chess Olympiad"]
[Site "chess24.com"]
[Date "2016.09.04"]
[Round "3"]
[White "Jennitha, Anto K."]
[Black "Krivec, Jana"]
[Result "0-1"]
[Board "1"]
[WhiteID "5018218"]
[WhiteElo "1953"]
[WhiteTitle "WIM"]
[WhiteCountry "IND"]
[WhiteFideId "5018218"]
[WhiteEloChange "-3"]
[BlackID "14601982"]
[BlackElo "2259"]
[BlackTitle "WGM"]
[BlackCountry "SLO"]
[BlackFideId "14601982"]
[BlackEloChange "3"]

1. e4 {[%clk 1:30:53]} e5 {[%clk 1:30:56]} 2. Nf3 {[%clk 1:31:14]} Nc6 {[%clk
1:31:23]} 3. Bb5 {[%clk 1:31:35]} Nge7 {[%clk 1:31:46]} 4. O-O {[%clk 1:31:46]}
g6 {[%clk 1:32:11]} 5. c3 {[%clk 1:32:07]} a6 {[%clk 1:32:34]} 6. Ba4 {[%clk
1:32:28]} Bg7 {[%clk 1:33:00]} 7. d4 {[%clk 1:32:40]} exd4 {[%clk 1:33:26]} 8.
cxd4 {[%clk 1:32:56]} b5 {[%clk 1:33:51]} 9. Bb3 {[%clk 1:33:17]} O-O {[%clk
1:34:07]} 10. h3 {[%clk 1:29:52]} Na5 {[%clk 1:32:29]} 11. Bc2 {[%clk 1:29:35]}
d6 {[%clk 1:32:36]} 12. a3 {[%clk 1:23:52]} c5 {[%clk 1:31:29]} 13. Nc3 {[%clk
1:23:28]} Bb7 {[%clk 1:27:17]} 14. Re1 {[%clk 1:19:54]} Qb6 {[%clk 1:10:05]} 15.
Ne2 {[%clk 1:08:37]} f5 {[%clk 0:59:29]} 16. Ng5 {[%clk 1:04:27]} fxe4 {[%clk
0:58:35]} 17. Ne6 {[%clk 0:55:52]} cxd4 {[%clk 0:58:46]} 18. Nxg7 {[%clk
0:32:52]} d3 {[%clk 0:53:58]} 19. Be3 {[%clk 0:33:20]} dxc2 {[%clk 0:37:59]} 20.
Bxb6 {[%clk 0:31:29]} cxd1Q {[%clk 0:38:26]} 21. Raxd1 {[%clk 0:31:58]} Nc4
{[%clk 0:37:41]} 22. Bd4 {[%clk 0:32:26]} Bc8 {[%clk 0:36:44]} 23. Ng3 {[%clk
0:27:09]} e3 {[%clk 0:24:40]} 24. fxe3 {[%clk 0:26:24]} Nc6 {[%clk 0:22:35]} 25.
Bc3 {[%clk 0:26:40]} Ra7 {[%clk 0:21:49]} 26. N7h5 {[%clk 0:20:26]} gxh5 {[%clk
0:22:14]} 27. Nxh5 {[%clk 0:20:43]} Bf5 {[%clk 0:12:53]} 28. e4 {[%clk 0:18:36]}
Bg6 {[%clk 0:13:04]} 29. Nf6+ {[%clk 0:19:02]} Kf7 {[%clk 0:09:02]} 30. Ng4
{[%clk 0:13:13]} Ke6 {[%clk 0:08:31]} 31. Ne3 {[%clk 0:13:27]} Nxe3 {[%clk
0:07:14]} 32. Rxe3 {[%clk 0:13:55]} Ne5 {[%clk 0:04:27]} 33. Rxd6+ {[%clk
0:12:57]} Kxd6 {[%clk 0:04:54]} 34. Bb4+ {[%clk 0:13:26]} Ke6 {[%clk 0:05:16]}
35. Bxf8 {[%clk 0:13:46]} Rc7 {[%clk 0:04:01]} 36. b3 {[%clk 0:12:38]} Rf7 {[%clk
0:03:49]} 37. Bb4 {[%clk 0:12:14]} Rf4 {[%clk 0:03:28]} 38. Re2 {[%clk 0:07:59]}
Rxe4 {[%clk 0:02:12]} 39. Rd2 {[%clk 0:08:12]} Nf7 {[%clk 0:02:00]} 40. Rc2
{[%clk 0:37:41]} Rxb4 {[%clk 0:31:41]} 0-1